=LDR 00000nam 2200000 4500 =001 INLIS000000000024203 =005 20130612122814 =008 ***********************************Ind** =035 ##$$0010-061300000024203 =041 ##$$a Ind =082 ##$$a F.Rom k =090 ##$$a F.Rom k, Lud i =100 ##$$a Ludlum, Robert =245 ##$$a Jalan ke omaha, Robert Ludlum =260 ##$$a 1994 $b Jakarta =300 ##$$a 304 hlm, 15 cm =650 ##$$a Novel terlaris dunia =850 ##$$a NBPNMAT =990 ##$$a 83488348 =990 ##$$a 00093256 =990 ##$$a 00050664